grave - Tate McRae - Statistics

General Stats
  • This quiz has been taken 26 times
  • The average score is 295 of 383
Answer Stats
% Correct
got
100%
I
100%
much
100%
on
100%
One
100%
to
100%
two
100%
a
93%
chance,
93%
chances
93%
like
93%
of
93%
three
93%
you
93%
You
93%
you,
93%
(you),
93%
(you)
93%
at
86%
change
86%
for
86%
it
86%
it"?
86%
me
86%
me,
86%
(me)
86%
the
86%
The
86%
try
86%
all
79%
be
79%
can
79%
could
79%
deep
79%
grave
79%
held
79%
make
79%
my
79%
never
79%
not
79%
nothin',
79%
nothin'
79%
only
79%
out
79%
really
79%
so
79%
somethin'
79%
thought
79%
want
79%
wanted
79%
was
79%
we
79%
with
79%
With
79%
dig
71%
down
71%
gone
71%
grudges
71%
How
71%
save
71%
sympathy,
71%
take
71%
that
71%
thing
71%
too
71%
trying
71%
Turn
71%
were
71%
already
64%
And
64%
Before
64%
does
64%
fix
64%
had
64%
(had)
64%
hold
64%
is
64%
just
64%
lost
64%
minute
64%
Oh,
64%
oh
64%
start
64%
that's
64%
That's
64%
Think
64%
tryna
64%
what
64%
yeah
64%
boys
57%
crazy
57%
funny
57%
"I'll
57%
It's
57%
sad,
57%
sad
57%
would
57%
admit
50%
baby
50%
(baby)
50%
forgive
50%
going
50%
if
50%
into
50%
there,
50%
there
50%
(uh)
50%
your
50%
Always
43%
But
43%
fuck?
43%
I'm
43%
Ooh
43%
called
36%
guy
36%
Said
36%
tough
36%
Watching
36%
you'll
36%
now
29%
thirty
29%
(thirty
29%
times
29%
times)
29%
us
29%
right?
21%
Tables
21%
turned,
21%
plead
14%
No matching quizzes found
Score Distribution
Percent of People with Each Score
Percentile by Number Answered
Your Score History
You have not taken this quiz